000
00212nam a22000977a 4500
999
_c
16205
_d
16205
003
OSt
008
200623b ||||| |||| 00| 0 eng d
100
_a
CC Ouseph
_9
4625
245
_a
Pre-university maths
942
_c
BK